000 00349 a2200157 4500
001 75197
020 _a851604484x
040 _cAnchieta - Colégio São Paulo
100 _aAmos, Eduardo
240 1 0 _aThe red Ballon
_lpor
245 1 0 _aThe red Ballon
300 _a16
362 0 _a2005
650 4 _aLiteratura juvenil em inglês
942 _cBK
999 _c75197
_d75197